000 007740000a22002290004500
003 LK-CoMWRAF
005 20231027125524.0
008 230817t1996 ||||| |||| 00| 0 eng d
020 _a9559390031
040 _aLK-CoMWRAF
_dLK-CoMWRAF
_eLK-CoMWRAF
041 _aeng
082 _a305.894
_bLOG
100 _aLoganathan, Ketheshwaran
245 _aSri Lanka:Lost Opportunities:
_bPast Attempts: at Resolving Ethnic Conflict
260 _aColombo:
_bCentre for Policy Research and Analysis,
_c1996
300 _aiv, 243 p. ; 23 cm.
_bBibliography and index included
490 _aStudies in conflict formation and resolution
650 _aTAMIL(INDIC PEOPLE)-Sri Lanka
650 _aPolitics and government-Sri Lanka
650 _aEthnic relations-Sri Lanka
942 _cBK
999 _c25
_d25